000
00286nam a22001337a 4500
008
180927b xxu||||| |||| 00| 0 eng d
020
_a
025601930
041
_a
eng
080
_a
556
100
_a
57
101
_a
FIN
245
_a
Real Estate Finance
_c
Stone L.D
942
_2
udc
_c
BK
999
_c
48530
_d
48530